000 00507nam a2200181Ia 4500
005 20250508151507.0
008 008 250505s9999 xx 000 0 eng d
037 _aTextual
040 _aFEDL
_beng
_cFEDL
041 _aeng
_2eng
084 _a954.01, MOO
_qFEDL
100 _aMookerji Radha Kumud
245 0 _aChandragupta maurya and his times
260 _aDelhi, India
_bRajkamal Prakashan Pvt. Ltd.
300 _a263p.
942 _cTEXL
_h954.01, MOO
999 _c1330162
_d1330162